000
00306nam a2200133Ia 4500
005
20251222154430.0
008
251222s9999||||xx |||||||||||||| ||spa||
082
_a
863.64/R84
100
_a
Rosas, Patrick
245
0
_a
Quieto Veneno
250
_a
1ra.ed.
264
_b
Editorial San Marcos
942
_c
LIB
999
_c
36386
_d
36386